00959nas a2200265 4500001001300000003000900013005001700022007000300039008003400042040005400076041000900130072001300139100001500152100001900167100001500186100001900201245011900220246009600339650001000435650001400445650002100459650001300480650002000493773018000513BR2011008178BR-BrBNA20231205115845.0ta230509b bl.|||p| |||| 00| 00por d aBR-BrBNAbporcBiblioteca Nacional de Agricultura a(Pt) aL73; L701 aLoss, F.R.1 aColomé, L.M.1 aBrun, M.V.1 aMotta, A.C. da1 aFlape reverso de safena medial na oclusão de defeito por exérese de neoplasia em região metatarsal de canino1 aMedial saphena reverse retail to close defect by resection of neoplasm in canine metatarsal aCÃO aNEOPLASIA aCICATRIZAÇÃO aCIRURGIA aDOENÇA ANIMAL0 tMEDVEP. Revista Científica de Medicina Veterinária. Pequenos Animais e Animais de Estimação (Brazil)xISSN 1678-1430g(Apr-Jun 2011), v. 9(29) p. 199-203wBR2011008178